header

Superman and philosophy (Record no. 57244)

MARC details
000 -LEADER
fixed length control field 01524nam a2200349 a 4500
082 04 - DEWEY DECIMAL CLASSIFICATION NUMBER
Classification number 741.5/9
245 00 - TITLE STATEMENT
Title Superman and philosophy
260 ## - PUBLICATION, DISTRIBUTION, ETC. (IMPRINT)
Place of publication Chichester, West Sussex, U.K. :
Name of publisher Wiley-Blackwell,
Year of publication c2013.
300 ## - PHYSICAL DESCRIPTION
Number of Pages 1 online resource (vii, 478 p.).
490 1# - SERIES STATEMENT
Series statement Blackwell Philosophy and Popculture Series
650 #0 - SUBJECT ADDED ENTRY--TOPICAL TERM
Topical Term Superman (Fictitious character)
Topical Term Philosophy in literature.
Topical Term Comic books, strips, etc.
700 1# - ADDED ENTRY--PERSONAL NAME
Personal name White, Mark D.,
856 40 - ELECTRONIC LOCATION AND ACCESS
Uniform Resource Identifier http://site.ebrary.com/lib/rucke/Doc?id=10674788
588 ## -
-- Description based on online resource; title from title page (ebrary, viewed April 13, 2013).

No items available.

© 2026 Rongo University
Contact us: librarian | system librarian | Rongo university